[Event "POL-chT4 Kujawsko Pomorskie 1011"]
[Site "Poland"]
[Date "2011.03.27"]
[Round "9.46"]
[White "Jastrzebski, Wlodzimierz"]
[Black "Wruck, Wieslaw"]
[Result "0-1"]
[WhiteElo "1793"]
[BlackElo "1919"]
[PlyCount "88"]
[EventDate "2010.11.07"]
[EventType "team-swiss"]
[EventRounds "10"]
[EventCountry "POL"]
[SourceTitle "EXT 2019"]
[Source "ChessBase"]
[SourceDate "2018.10.10"]
[SourceVersion "1"]
[SourceVersionDate "2018.10.10"]
[SourceQuality "1"]

1. e4 c5 2. Nf3 d6 3. d4 cxd4 4. Nxd4 Nf6 5. Nc3 a6 6. Be2 e6 7. 0-0 Qc7 8. Kh1 Be7 9. f4 0-0 10. Qe1 b5 11. Bd3 Nbd7 12. Nf3 Bb7 13. a3 Rac8 14. Qg3 Nc5 15. e5 Nfe4 16. Nxe4 Bxe4 17. Ne1 f5 18. Bxe4 Nxe4 19. Qb3 d5 20. Be3 Bc5 21. Rd1 Qa7 22. Bxc5 Qxc5 23. Qf3 Rf7 24. c3 g5 25. Nd3 Qe7 26. Nf2 gxf4 27. Qxf4 Rc4 28. Rd4 Rg7 29. Nxe4 dxe4 30. Rfd1 Rxd4 31. Rxd4 Qg5 32. Qxg5 Rxg5 33. Rd8+ Kf7 34. Kg1 f4 35. Rd7+ Kg6 36. Rd6 Rxe5 37. Rxa6 e3 38. Kf1 Kf5 39. Ke2 Rd5 40. b4 Rd2+ 41. Kf1 Rd1+ 42. Ke2 Rg1 43. Kf3 Rf1+ 44. Ke2 Rf2+ 0-1

[Event "Chojnice op-B 4th"]
[Site "Chojnice"]
[Date "2008.07.16"]
[Round "6"]
[White "Zaskalski, Dawid"]
[Black "Wruck, Wieslaw"]
[Result "0-1"]
[WhiteElo "1859"]
[BlackElo "1919"]
[PlyCount "52"]
[EventDate "2008.07.12"]
[EventType "swiss"]
[EventRounds "9"]
[EventCountry "POL"]
[SourceTitle "EXT 2018"]
[Source "ChessBase"]
[SourceDate "2017.10.13"]
[SourceVersion "1"]
[SourceVersionDate "2017.10.13"]
[SourceQuality "1"]

1. e4 c5 2. c3 g6 3. d4 b6 4. Nf3 Bg7 5. Bc4 Bb7 6. dxc5 Nf6 7. e5 Ng4 8. Bxf7+ Kxf7 9. Ng5+ Ke8 10. Qxg4 Bxe5 11. 0-0 Qc7 12. f4 Qxc5+ 13. Kh1 Bf6 14. Nd2 Qf5 15. Qg3 Na6 16. Qe3 Nc5 17. b4 h6 18. bxc5 hxg5 19. cxb6 axb6 20. Nb3 Qg4 21. Qf2 Qh3 22. Qg1 g4 23. Nd2 Qxc3 24. Nb3 g3 25. Bd2 Qc6 26. Rac1 Qxg2+ 0-1

[Event "Chojnice op-B 4th"]
[Site "Chojnice"]
[Date "2008.07.14"]
[Round "4"]
[White "Kuban, Wieslaw"]
[Black "Wruck, Wieslaw"]
[Result "0-1"]
[WhiteElo "1795"]
[BlackElo "1919"]
[PlyCount "88"]
[EventDate "2008.07.12"]
[EventType "swiss"]
[EventRounds "9"]
[EventCountry "POL"]
[SourceTitle "EXT 2018"]
[Source "ChessBase"]
[SourceDate "2017.10.13"]
[SourceVersion "1"]
[SourceVersionDate "2017.10.13"]
[SourceQuality "1"]

1. e4 c5 2. Nc3 d6 3. g3 Nc6 4. Bg2 Nf6 5. Nge2 g6 6. d4 cxd4 7. Nxd4 Nxd4 8. Qxd4 Bg7 9. h3 0-0 10. 0-0 Be6 11. Qb4 Rb8 12. Rd1 Qc8 13. Kh2 Nd7 14. Be3 Nc5 15. Bd4 Na6 16. Qb5 Bxd4 17. Rxd4 Qc5 18. Qxc5 Nxc5 19. Nd5 Bxd5 20. exd5 Rbc8 21. Bf1 Nd7 22. c4 Rc7 23. Kg2 Rfc8 24. b3 Nb8 25. Re1 Na6 26. Bd3 Nc5 27. Bb1 a5 28. Rd2 Kf8 29. Ree2 Nd7 30. f4 a4 31. Bc2 axb3 32. axb3 Ra8 33. Re1 b6 34. Kf2 Ra2 35. Rb1 Rca7 36. Ke3 Nc5 37. Kd4 R7a3 38. Kc3 Na6 39. Bd1 Rxd2 40. Kxd2 Ra2+ 41. Bc2 Nb4 42. Rc1 Na6 43. Ke3 Nc7 44. b4 Rb2 0-1

[Event "Chojnice op-B 4th"]
[Site "Chojnice"]
[Date "2008.07.14"]
[Round "3"]
[White "Wruck, Wieslaw"]
[Black "Falicki, Kacper"]
[Result "1/2-1/2"]
[WhiteElo "1919"]
[BlackElo "1672"]
[PlyCount "69"]
[EventDate "2008.07.12"]
[EventType "swiss"]
[EventRounds "9"]
[EventCountry "POL"]
[SourceTitle "EXT 2018"]
[Source "ChessBase"]
[SourceDate "2017.10.13"]
[SourceVersion "1"]
[SourceVersionDate "2017.10.13"]
[SourceQuality "1"]

1. Nf3 Nc6 2. g3 e5 3. d3 Bc5 4. Bg2 d6 5. Nc3 h6 6. 0-0 Nf6 7. Na4 Nd7 8. Nh4 Ne7 9. c3 a6 10. Nxc5 Nxc5 11. d4 exd4 12. cxd4 Ne6 13. e4 c6 14. b3 d5 15. Nf5 dxe4 16. Nxe7 Qxe7 17. Bxe4 Qb4 18. Bb2 0-0 19. a3 Qb6 20. d5 Rd8 21. d6 Qc5 22. b4 Qxd6 23. Qb3 Ng5 24. Rad1 Qe7 25. Rxd8+ Qxd8 26. Qc3 f6 27. Bg2 Be6 28. h4 Nf7 29. Re1 Qd7 30. Qe3 Bf5 31. Bd4 Nd6 32. Qb3+ Qf7 33. Qb2 Re8 34. Rc1 Qe6 35. Bf1 1/2-1/2

[Event "Chojnice op-B 3rd"]
[Site "Chojnice"]
[Date "2007.07.19"]
[Round "8.3"]
[White "Wruck, Wieslaw"]
[Black "Zaskalski, Dawid"]
[Result "1/2-1/2"]
[WhiteElo "1907"]
[BlackElo "1784"]
[PlyCount "82"]
[EventDate "2007.07.13"]
[EventType "swiss"]
[EventRounds "9"]
[EventCountry "POL"]
[SourceTitle "EXT 2023"]
[Source "ChessBase"]
[SourceDate "2022.10.05"]
[SourceVersion "1"]
[SourceVersionDate "2022.10.05"]
[SourceQuality "1"]

1. e4 e5 2. Nf3 Nc6 3. d3 Bc5 4. g3 d6 5. Bg2 Nf6 6. 0-0 Be6 7. c3 Bb6 8. Na3 Qd7 9. Nc2 Bh3 10. Be3 Bxg2 11. Kxg2 d5 12. Bxb6 dxe4 13. dxe4 Qxd1 14. Raxd1 axb6 15. a3 Nxe4 16. Rfe1 f5 17. Ne3 g6 18. Nc4 Ke7 19. Nfxe5 Nxe5 20. Nxe5 Rhd8 21. Nd3 Kf6 22. f3 Nc5 23. Nf4 c6 24. h4 h6 25. b4 Rxd1 26. Rxd1 Ne6 27. Rd6 Re8 28. Kf2 Ke5 29. Rd3 Kf6 30. Nxe6 Rxe6 31. Rd7 Re7 32. Rxe7 Kxe7 33. Ke3 Ke6 34. Kd4 Kd6 35. a4 g5 36. h5 c5+ 37. bxc5+ bxc5+ 38. Kc4 Kc6 39. a5 f4 40. g4 b5+ 41. axb6 Kxb6 1/2-1/2

[Event "Chojnice op-B 3rd"]
[Site "Chojnice"]
[Date "2007.07.14"]
[Round "2.7"]
[White "Wruck, Wieslaw"]
[Black "Tarach, Dorota"]
[Result "1-0"]
[WhiteElo "1907"]
[BlackElo "1776"]
[PlyCount "105"]
[EventDate "2007.07.13"]
[EventType "swiss"]
[EventRounds "9"]
[EventCountry "POL"]
[SourceTitle "EXT 2023"]
[Source "ChessBase"]
[SourceDate "2022.10.05"]
[SourceVersion "1"]
[SourceVersionDate "2022.10.05"]
[SourceQuality "1"]

1. g3 g6 2. Bg2 Bg7 3. Nf3 Nf6 4. 0-0 0-0 5. d3 d5 6. c3 Nc6 7. Nbd2 Re8 8. Qc2 e5 9. e4 dxe4 10. Nxe4 Bf5 11. Nh4 Be6 12. Bg5 Bd7 13. f4 h6 14. fxe5 hxg5 15. exf6 gxh4 16. fxg7 Bf5 17. Qf2 hxg3 18. Nxg3 Be6 19. d4 Bc4 20. Rfe1 Kxg7 21. Rxe8 Qxe8 22. d5 Ne5 23. b3 Bb5 24. Re1 f6 25. c4 Bd7 26. Re4 Qh8 27. Qc5 Qd8 28. Qd4 c6 29. Rh4 Qb6 30. c5 Qa5 31. Qe3 g5 32. Ra4 Qd8 33. dxc6 Bxc6 34. Bxc6 Nxc6 35. Nf5+ Kf8 36. Nd6 b6 37. Re4 Qd7 38. Re6 Kg7 39. Nf5+ Kf7 40. Nh6+ Kg7 41. Rd6 Qc7 42. Nf5+ Kg6 43. Rxc6 Qd7 44. Nd4 Qg4+ 45. Kf2 Qh4+ 46. Kf1 Rh8 47. Qd3+ Kh5 48. Rxf6 bxc5 49. Qf3+ Qg4 50. Ne6 Qxf3+ 51. Rxf3 Kg4 52. Rf2 Re8 53. Nxc5 1-0

[Event "KPZS-ch"]
[Site "Sepolno Kraj"]
[Date "2006.06.25"]
[Round "2"]
[White "Karpinski, Bartlomiej"]
[Black "Wruck, Wieslaw"]
[Result "1/2-1/2"]
[WhiteElo "1800"]
[BlackElo "1948"]
[PlyCount "71"]
[EventDate "2006.06.24"]
[EventType "swiss"]
[EventRounds "9"]
[EventCountry "POL"]
[SourceTitle "EXT 2007"]
[Source "ChessBase"]
[SourceDate "2006.11.23"]
[SourceVersion "1"]
[SourceVersionDate "2006.11.23"]
[SourceQuality "1"]

1. e4 c5 2. Nf3 d6 3. d4 cxd4 4. Nxd4 Nf6 5. Nc3 a6 6. Be3 e6 7. Be2 Qc7 8. Qd2 b5 9. a3 Bb7 10. f3 Nc6 11. 0-0 Rc8 12. Bd3 Ne5 13. Qe2 Nc4 14. Bxc4 Qxc4 15. Qxc4 Rxc4 16. Nb3 Rc8 17. Rad1 h6 18. Rf2 Be7 19. Rfd2 d5 20. e5 Nd7 21. f4 0-0 22. Ne2 Rc7 23. c3 Rfc8 24. Kf2 Bc5 25. Bxc5 Nxc5 26. Nxc5 Rxc5 27. Rd4 Kf8 28. g4 a5 29. h4 Ke7 30. Ng3 Rc4 31. Nh5 Kf8 32. g5 Rxd4 33. Rxd4 hxg5 34. fxg5 Rc4 35. Ke3 Bc6 36. Nf4 1/2-1/2

[Event "Chojnice op-B 2nd"]
[Site "Chojnice"]
[Date "2006.??.??"]
[Round "8"]
[White "Czapski, Remigiusz"]
[Black "Wruck, Wieslaw"]
[Result "1/2-1/2"]
[WhiteElo "1817"]
[BlackElo "1935"]
[PlyCount "114"]
[EventDate "2006.07.??"]
[EventType "swiss"]
[EventRounds "9"]
[EventCountry "POL"]
[SourceTitle "EXT 2007"]
[Source "ChessBase"]
[SourceDate "2006.11.23"]
[SourceVersion "1"]
[SourceVersionDate "2006.11.23"]
[SourceQuality "1"]

1. Nf3 Nf6 2. c4 g6 3. b4 Bg7 4. Bb2 0-0 5. g3 d6 6. Bg2 Nbd7 7. 0-0 e5 8. d3 c6 9. Nbd2 Re8 10. Qc2 Qe7 11. e3 Nf8 12. Rfc1 Nh5 13. d4 e4 14. Ne1 f5 15. d5 Nf6 16. dxc6 bxc6 17. c5 d5 18. Nb3 Bd7 19. a4 a6 20. Nd4 Ne6 21. Qd2 Nxd4 22. Bxd4 g5 23. Nc2 Ng4 24. Bxg7 Qxg7 25. h3 Ne5 26. Nd4 f4 27. exf4 gxf4 28. Rc3 Nd3 29. Rxd3 exd3 30. Qxd3 fxg3 31. fxg3 Qe5 32. Rd1 Qe3+ 33. Qxe3 Rxe3 34. b5 axb5 35. axb5 Rxg3 36. Kf2 Rg6 37. bxc6 Bxc6 38. Nxc6 Ra2+ 39. Ke3 Re6+ 40. Kd4 Rxg2 41. Kxd5 Rh6 42. Ne5 Rxh3 43. c6 Rc3 44. Ke6 h6 45. Kf6 Rf2+ 46. Ke6 Rg2 47. Kf6 Rg7 48. Rd6 Kh7 49. Kf5 h5 50. Rd4 Rc5 51. Ke6 Kh6 52. Kd6 Rc1 53. Nc4 Rf1 54. Ke6 Rg6+ 55. Kd5 Rf5+ 56. Ne5 Rxc6 57. Kxc6 Rxe5 1/2-1/2

[Event "Chojnice op-B 2nd"]
[Site "Chojnice"]
[Date "2006.??.??"]
[Round "7"]
[White "Wruck, Wieslaw"]
[Black "Zielinski, Wojciech"]
[Result "1/2-1/2"]
[WhiteElo "1935"]
[BlackElo "1886"]
[PlyCount "80"]
[EventDate "2006.07.??"]
[EventType "swiss"]
[EventRounds "9"]
[EventCountry "POL"]
[SourceTitle "EXT 2007"]
[Source "ChessBase"]
[SourceDate "2006.11.23"]
[SourceVersion "1"]
[SourceVersionDate "2006.11.23"]
[SourceQuality "1"]

1. Nf3 d5 2. g3 c5 3. Bg2 Nc6 4. 0-0 e5 5. d3 Bg4 6. h3 Bh5 7. Nc3 d4 8. Nb5 a6 9. Na3 f5 10. Nc4 Bd6 11. Ng5 Bc7 12. c3 h6 13. Ne6 Qe7 14. cxd4 cxd4 15. Nxc7+ Qxc7 16. f4 Nge7 17. fxe5 0-0 18. Bd2 b5 19. Na3 Qxe5 20. Bf4 Qxe2 21. Qb3+ Bf7 22. Qc2 Qxc2 23. Nxc2 Bd5 24. Bd6 Bxg2 25. Kxg2 Rfe8 26. Bxe7 Rxe7 27. Rxf5 Re2+ 28. Rf2 Rae8 29. Raf1 Kh7 30. Rxe2 Rxe2+ 31. Rf2 Rxf2+ 32. Kxf2 Kg6 33. Kf3 Kf5 34. a3 a5 35. b4 a4 36. Ne1 Ke5 37. Ke2 Ne7 38. Nf3+ Kd5 39. Nd2 Nf5 40. Ne4 Ne3 1/2-1/2

[Event "Chojnice op"]
[Site "Chojnice"]
[Date "2005.??.??"]
[Round "5"]
[White "Wodzynski, Mieszko"]
[Black "Wruck, Wieslaw"]
[Result "0-1"]
[WhiteElo "1800"]
[BlackElo "1949"]
[PlyCount "72"]
[EventDate "2005.05.27"]
[EventType "swiss"]
[EventRounds "9"]
[EventCountry "POL"]
[SourceTitle "EXT 2007"]
[Source "ChessBase"]
[SourceDate "2006.11.23"]
[SourceVersion "1"]
[SourceVersionDate "2006.11.23"]
[SourceQuality "1"]

1. e4 c5 2. Nf3 d6 3. Bb5+ Bd7 4. Bxd7+ Qxd7 5. d4 cxd4 6. Nxd4 Nf6 7. Nc3 Nc6 8. Be3 Ng4 9. 0-0 Nxe3 10. fxe3 g6 11. Qf3 Ne5 12. Qf4 Bg7 13. Nf3 0-0 14. Nd4 Nc4 15. Qf2 Nxb2 16. Rab1 Nc4 17. Nd5 Rac8 18. Rfe1 Ne5 19. Qh4 Rfe8 20. Re2 Ng4 21. Qh3 Red8 22. Nxe7+ Qxe7 23. Qxg4 a6 24. Rb6 Rc7 25. Rf2 Re8 26. Re2 Rc4 27. Rd2 Qc7 28. Rb2 b5 29. h4 Qa7 30. Qf4 Rxd4 31. Rxd4 Bxd4 32. Rb3 Be5 33. Qf3 h5 34. g4 Qe7 35. g5 Qc7 36. Qf2 Rc8 0-1